| 000 | 00407nam a2200157Ia 4500 | ||
|---|---|---|---|
| 003 | SGT | ||
| 020 | _a97893501142479 | ||
| 082 |
_a5.1 _bRAJ |
||
| 100 | _aRajput,Vinod K | ||
| 245 | _aAnalysis and design of algorithms | ||
| 260 |
_bS.K. Kataria & SONS _aN.Delhi _c2012 |
||
| 300 | _a366p. | ||
| 650 | _a COMPUTER ENGINEERING | ||
| 653 | _aELEMENTARY DATA STRUCTURES , SORTING ALGORITHMS | ||
| 942 |
_2ddc _cBK |
||
| 999 |
_c5473 _d5473 |
||